Pilotes de F1 2026 - Statistiques

Statistiques générales
  • Ce quiz a été pris 228 fois
  • Le résultat moyen est 18 sur 22
Statistiques - réponses
EQUIPE PILOTE % Correct
FERRARI HAMILTON
97%
FERRARI LECLERC
96%
MCLAREN PIASTRI
96%
RED BULL VERSTAPPEN
96%
MERCEDES ANTONELLI
94%
MCLAREN NORRIS
94%
RED BULL HADJAR
92%
MERCEDES RUSSELL
92%
ALPINE GASLY
90%
HAAS OCON
89%
WILLIAMS SAINZ
87%
CADILLAC BOTTAS
83%
CADILLAC PEREZ
83%
ASTON MARTIN STROLL
82%
AUDI HULKENBERG
81%
HAAS BEARMAN
79%
RACING BULL LAWSON
78%
ALPINE COLAPINTO
76%
AUDI BORTOLETO
75%
WILLIAMS ALBON
67%
ASTON MARTIN ALONSO
63%
RACING BULL LINDBLAD
55%
Aucun quiz correspondant
Distribution des résultats
% des personnes avec chaque résultat
Percentile par nombre de réponses
Votre historique - résultats
Vous n’avez pas pris ce quiz